000 00851nam a2200217Ia 4500
999 _c37575
_d37575
001 3545
003 GE_BSU
005 20190621203410.0
008 181216s1959||||ge |||||||||||||| ||geo||
040 _cGE_BSU
041 _ageo
080 _a616+159.9.07 ბ-90
100 _aბჟალავა, ი.
_92780
245 _aეპილეფსია :
_bფსიქოლოგიური გამოკვლევა /
_cრედ. ა. ქავთარაძე
264 _aთბილისი :
_bსაბჭ. საქართველო,
_c1959.
300 _a314 გვ.:
_bცხრილ. ;
_c22 სმ.
504 _aბიბლიოგრ. შენიშვნებში.
653 _aეპილეფსია
700 _aქავთარაძე, ა.
_eრედაქტორი
_92781
942 _cBK
_2udc